NFL Top 25 Receiving Leaders Since 2020 - Statistics

General Stats
  • This quiz has been taken 132 times
  • The average score is 24 of 25
Answer Stats
# Yds Team(s) Answer % Correct
5 5,975 TEN, PHI A.J. Brown
100%
16 4,851 DET Amon-Ra St. Brown
100%
10 5,425 CIN Ja'Marr Chase
100%
11 5,424 TB Mike Evans
100%
2 6,983 KC, MIA Tyreek Hill
100%
4 6,339 DAL CeeDee Lamb
99%
3 6,650 GB, LV, NYJ Davante Adams
99%
1 7,432 MIN Justin Jefferson
99%
6 5,868 BUF, HOU Stefon Diggs
99%
13 5,180 LAR Cooper Kupp
98%
8 5,568 CAR, CHI D.J. Moore
98%
12 5,424 SEA DK Metcalf
97%
7 5,686 KC Travis Kelce
95%
18 4,595 CIN Tee Higgins
94%
9 5,460 WAS Terry McLaurin
94%
23 4,305 SF Brandon Aiyuk
93%
17 4,756 SEA Tyler Lockett
93%
19 4,566 TB Chris Godwin
92%
22 4,363 ARI, TEN, KC DeAndre Hopkins
92%
21 4,435 SF George Kittle
92%
15 4,869 LAC, CHI Keenan Allen
92%
14 4,936 CLE, BUF Amari Cooper
89%
20 4,470 IND Michael Pittman
86%
24 4,282 DEN, CLE Jerry Jeudy
85%
25 4,233 NE, LV Jakobi Meyers
77%
No matching quizzes found
Score Distribution
Percent of People with Each Score
Percentile by Number Answered
Your Score History
You have not taken this quiz